Promoting active learning : strategies for the college classroom

Αποθηκεύτηκε σε:
Λεπτομέρειες βιβλιογραφικής εγγραφής
Κύριος συγγραφέας: Meyers, Chet 1942-
Άλλοι συγγραφείς: Jones, Thomas B.
Μορφή: Βιβλίο
Γλώσσα:English
Δημοσίευση: San Francisco : Jossey-Bass, 1993
Θέματα:
Ετικέτες: Προσθήκη ετικέτας
Δεν υπάρχουν, Καταχωρήστε ετικέτα πρώτοι!

MARC

LEADER 00000nam a2200000 i 4500
001 1/3288
008 000519s1993 eng d
020 |a 1-55542-524-0 
035 |l 10060743 
040 |a GR-MY-UA  |b gre  |e aacr 
041 0 |a eng 
082 0 |a 378.125 
100 1 |a Meyers, Chet  |d 1942- 
245 1 0 |a Promoting active learning :  |b strategies for the college classroom /  |c Chet Meyers, Thomas B. Jones 
260 |a San Francisco :   |b Jossey-Bass,   |c 1993 
300 |a 192 p. 
650 0 0 |a Active learning. 
650 0 0 |a College teaching. 
700 1 |a Jones, Thomas B. 
852 |a INST  |b RHODES  |e 20000519  |h 378.125 MEY  |p 005400013391  |q 005400013391  |t BK  |y 0 
901 |a BIBL4-2000-2 
909 |a Ρ  |b 077906 
922 |a 4ΕΛΗ  |b 200004  |c ΚΠΣ/154  |d GLORY BOOKS 
970 |a ΚΟΥΛΑΚΙΟΤΗ  |b ΛΙΤΣΑ  |z 2000/05/19